Państwa graniczące z rosją i ich flagi - Statystyki

Ogólne statystyki
  • Ten quiz został rozwiązany 60 razy
  • Średni wynik to 14 z 14
Statystyki odpowiedzi
Obrazkowy Odpowiedź % Poprawnych
Bialorus
100%
Chiny
100%
Polska
100%
Ukraina
100%
Estonia
98%
Finlandia
98%
Kazachstan
98%
Litwa
98%
Norwegia
98%
Azerbejdzan
96%
Korea północna
96%
Lotwa
96%
Gruzja
94%
Mongolia
93%
Nie znaleziono quizów pasujących do podanych kryteriów
Rozkład punktacji
Procent ludzi z każdym wynikiem
Percentyl według liczby udzielonych odpowiedzi
Twoja historia wyników
Nie rozwiązałeś tego quizu